000
00321nam a2200133Ia 4500
008
240624s9999 xx 000 0 und d
041
_a
eng
082
_a
823 SCH
100
_a
SCHAPER JULIE
245
_a
TWIN CITIES NOIR
260
_c
2006
_a
New Delhi
_b
Akashic Books
300
_a
258 : p. : cm. ; 21
365
_c
RS
_b
25
999
_c
18740
_d
18740